Central Library, Doon University
WEBOPAC (ONLINE PUBLIC ACCESS CATALOGUE)

Computer Vision (Record no. 60796)

MARC details
000 -LEADER
fixed length control field 00502nam a22001937a 4500
005 - DATE & TIME
control field 20260514124403.0
008 - FIXED-LENGTH DATA ELEMENTS--GENERAL INFORMATION
fixed length control field 260514b |||||||| |||| 00| 0 eng d
020 ## - ISBN
International Standard Book Number 9789332550117
Price 1120.00
040 ## - CATALOGING SOURCE
Original cataloging agency Doon University
041 ## - Language
Language English
082 ## - DDC NUMBER
Classification number 006.37
Book Number FOS
100 ## - MAIN ENTRY--PERSONAL NAME
Personal name Foster, David
245 ## - TITLE STATEMENT
Title Computer Vision
Sub Title : A Modern Approach
260 ## - PUBLICATION, DISTRIBUTION, ETC. (IMPRINT)
Place of publication, distribution, etc Noida
Name of publisher, distributor, etc Pearson
Date of publication, distribution, etc 2026
300 ## - PHYSICAL DESCRIPTION
Pages 791
650 ## - Subject
Subject Computer Science (PM (USHA)
700 ## - Added Entry Personal Name
Added Entry Personal Name Ponce, Jean
942 ## - ADDED ENTRY ELEMENTS (KOHA)
Koha item type Books
100 ## - MAIN ENTRY--PERSONAL NAME
-- 2566
650 ## - Subject
-- 26808
700 ## - Added Entry Personal Name
-- 26824
952 ## - LOCATION AND ITEM INFORMATION (KOHA)
-- 2026-05-14
952 ## - LOCATION AND ITEM INFORMATION (KOHA)
-- 2026-06-04
952 ## - LOCATION AND ITEM INFORMATION (KOHA)
-- 2026-06-04
Holdings
Withdrawn status Lost status Source of classification or shelving scheme Damaged status Not for loan Location (home branch) Sublocation or collection (holding branch) Date acquired Koha issues (times borrowed) Koha full call number Accession No. Koha date last seen Koha item type
          Doon University Doon University 14.05.2026   006.37 FOS 33154 14.05.2026 Books
          Doon University Doon University 04.06.2026   006.37 FOS 34471 04.06.2026 Books
          Doon University Doon University 04.06.2026   006.37 FOS 34472 04.06.2026 Books
Contact : +91-135-2533126 (Library),+91-135-2533105 (Admin Office) , Email : doonlibrary@gmail.com

Powered by Koha